[Event "Online Olym Div3 A 2021"]
[Site "chess.com INT"]
[Date "2021.08.28"]
[Round "4.3"]
[Board "3"]
[White "Aleksandrova, Aleksandra"]
[Black "Ranasinghe, S D"]
[Result "1-0"]
[WhiteTitle "WFM"]
[BlackTitle "WIM"]
[WhiteElo "1731"]
[BlackElo "1725"]
[WhiteTeam "IPCA"]
[BlackTeam "Sri Lanka"]
[WhiteFideId "4144198"]
[BlackFideId "9902651"]
[EventDate "2021.08.27"]
[EventType "team"]

1. d4 d5 2. e3 Nf6 3. Bd3 Nc6 4. c3 e5 5. dxe5 Nxe5 6. Be2 c6 7. Nd2 Bf5 8. Ndf3
Ng6 9. Nd4 Bd7 10. Qb3 Qc7 11. Ngf3 Bd6 12. h3 a6 13. a4 O-O 14. Qc2 c5 15. Nf5
Ne4 16. Nxd6 Qxd6 17. Nd2 f5 18. c4 d4 19. Nxe4 fxe4 20. Qxe4 Bc6 21. Qg4 Ne5
22. Qg3 d3 23. Bf1 Rad8 24. Bd2 Nxc4 25. Qxd6 Rxd6 26. Bc3 b5 27. axb5 axb5 28.
Ra7 Ra8 29. Rxa8+ Bxa8 30. b3 Na3 31. f3 Nb1 32. Bd2 Bd5 33. Bxd3 Na3 34. b4 Bb3
35. Ke2 c4 36. Be4 Rd8 37. Ra1 Nc2 38. Ra5 Rb8 39. Bc6 Ba4 40. Bc3 g6 41. Ra7
Na3 42. Rg7+ Kf8 43. Rxh7 Rb6 44. Bd5 Nb1 45. Bg7+ Ke8 46. Bd4 Ra6 47. Rh6 Bc2
48. e4 Bd3+ 49. Kd1 Na3 50. Rh8+ Ke7 51. Bc5+ Kd7 52. Rh7+ Ke8 53. Bf7+ Kd8 54.
Be7+ Kd7 55. Bc5 Kd8 56. Rh6 Nc2 57. Rxg6 Ra1+ 58. Kd2 Ra2 59. Kc1 c3 60. Rd6+
Kc7 61. Rxd3 Nxb4 62. Bxb4 Rxg2 63. Rxc3+ Kb6 64. Be6 Rg1+ 65. Kc2 1-0

[Event "Online Olym Div3 A 2021"]
[Site "chess.com INT"]
[Date "2021.08.28"]
[Round "4.3"]
[Board "5"]
[White "Lipilin, Ilia"]
[Black "De Silva, L M S T"]
[Result "0-1"]
[WhiteTitle "FM"]
[BlackTitle "FM"]
[WhiteElo "2189"]
[BlackElo "2085"]
[WhiteTeam "IPCA"]
[BlackTeam "Sri Lanka"]
[WhiteFideId "54113245"]
[BlackFideId "9953698"]
[EventDate "2021.08.27"]
[EventType "team"]

1. f4 d5 2. Nf3 c5 3. d3 Nf6 4. g3 Nc6 5. Bg2 g6 6. O-O Bg7 7. c3 O-O 8. Na3 d4
9. e4 dxe3 10. Bxe3 Nd5 11. Bf2 b6 12. Nc4 Bb7 13. Re1 e6 14. Nfe5 Qc7 15. Qe2
Rad8 16. Rad1 Nde7 17. a4 Nxe5 18. Nxe5 Bxg2 19. Kxg2 Bxe5 20. Qxe5 Qxe5 21.
Rxe5 Nd5 22. Kf3 Rd7 23. d4 c4 24. g4 f5 25. Bg3 Kf7 26. Rde1 Rd6 27. Bh4 a6 28.
h3 Rb8 29. Ra1 b5 30. axb5 Rxb5 31. Re2 Rdb6 32. Ra2 a5 33. Bf2 Ra6 34. Be3 a4
35. Bc1 Rb3 36. Ra3 Rxa3 37. bxa3 Rb6 38. Rb2 Rb3 39. Rxb3 cxb3 40. c4 Nb6 41.
Ke3 fxg4 42. hxg4 b2 43. Bxb2 Nxc4+ 44. Kd3 Nxb2+ 45. Kc3 h5 46. gxh5 gxh5 47.
Kxb2 h4 48. Kc3 h3 49. Kb4 h2 50. Kxa4 h1=Q 51. Kb5 Qd5+ 52. Kb6 Qxd4+ 53. Kb7
Qxf4 54. a4 Qxa4 55. Kb6 Qc2 56. Kb7 e5 57. Kb6 e4 58. Kb5 e3 59. Kb6 e2 60. Kb5
e1=Q 61. Kb6 Qeb1+ 62. Ka6 Qca2# 0-1

[Event "Online Olym Div3 A 2021"]
[Site "chess.com INT"]
[Date "2021.08.28"]
[Round "4.3"]
[Board "6"]
[White "Sanudula, K M Dahamdi"]
[Black "Nikitskaya, Varvara"]
[Result "1-0"]
[WhiteTitle "WCM"]
[WhiteElo "1717"]
[BlackElo "1173"]
[WhiteTeam "Sri Lanka"]
[BlackTeam "IPCA"]
[WhiteFideId "9932470"]
[BlackFideId "34420029"]
[EventDate "2021.08.27"]
[EventType "team"]

1. d4 Nf6 2. e3 c5 3. c3 d6 4. Bd3 g6 5. f4 Bg7 6. Nf3 O-O 7. O-O a6 8. Qe2 b5
9. Nbd2 Bb7 10. e4 Nc6 11. d5 Nb8 12. c4 b4 13. e5 dxe5 14. fxe5 Nh5 15. Ne4 Nf4
16. Bxf4 Nd7 17. Neg5 h6 18. Ne4 Qb8 19. Ned2 e6 20. d6 f5 21. exf6 Rxf6 22. Bg3
Qf8 23. Rae1 Rb8 24. b3 Re8 25. Ne4 Bxe4 26. Bxe4 e5 27. Bd5+ Kh7 28. Nd2 1-0

[Event "Online Olym Div3 A 2021"]
[Site "chess.com INT"]
[Date "2021.08.28"]
[Round "4.4"]
[Board "1"]
[White "Khumnorkaew, Tupfah"]
[Black "Kumar, Manoj"]
[Result "1-0"]
[BlackTitle "CM"]
[WhiteElo "2123"]
[BlackElo "1928"]
[WhiteTeam "Thailand"]
[BlackTeam "Fiji"]
[WhiteFideId "6202071"]
[BlackFideId "11400064"]
[EventDate "2021.08.27"]
[EventType "team"]

1. e4 e5 2. Nf3 Nf6 3. Nxe5 d6 4. Nf3 Nxe4 5. Nc3 Nf6 6. d4 Bg4 7. h3 Bh5 8. g4
Bg6 9. Bg2 Be7 10. Nh4 d5 11. Nxg6 hxg6 12. Bf4 c6 13. Qd3 Nbd7 14. O-O-O Nf8
15. Rde1 Ne6 16. Be5 O-O 17. Kb1 Re8 18. f4 b5 19. f5 Nf8 20. Bf3 b4 21. Na4 Qa5
22. b3 Ne4 23. Bxe4 dxe4 24. Rxe4 Qd5 25. Ree1 Bh4 26. Ref1 Nd7 27. fxg6 fxg6
28. Qxg6 Nxe5 29. dxe5 Rxe5 30. Rd1 Qg2 31. Rhg1 Qe2 32. Qxc6 Rae8 33. Qd6 Bf2
34. Rgf1 Bh4 35. Qxb4 Rc8 36. Qd2 Qb5 37. Qd7 Qxd7 38. Rxd7 Re2 39. c4 Bf6 40.
Rfd1 Rh2 41. R7d3 Re8 42. R1d2 Rh1+ 43. Rd1 Rh2 44. R3d2 Rxh3 45. c5 Bg5 46. Rc2
Rc8 47. Rd5 Rh1+ 48. Kb2 Bf6+ 49. Ka3 Rg1 50. Rc4 Rg2 51. c6 Be7+ 52. b4 Rg3+
53. Nc3 Bf6 54. Rdc5 Kf7 55. Kb3 Ke6 56. b5 Kd6 57. Rd5+ Kc7 58. Rd7+ Kb6 59.
Rb7+ Ka5 60. Ra4# 1-0

[Event "Online Olym Div3 A 2021"]
[Site "chess.com INT"]
[Date "2021.08.28"]
[Round "4.4"]
[Board "2"]
[White "Sikivou, Taione"]
[Black "Arunnuntapanich, Tinnakrit"]
[Result "1-0"]
[WhiteTitle "CM"]
[WhiteElo "1834"]
[BlackElo "2094"]
[WhiteTeam "Fiji"]
[BlackTeam "Thailand"]
[WhiteFideId "11400153"]
[BlackFideId "6202039"]
[EventDate "2021.08.27"]
[EventType "team"]

1. e4 c5 2. Nc3 Nc6 3. Bb5 Nd4 4. Nf3 a6 5. Bd3 Nc6 6. b3 d6 7. O-O Nf6 8. Re1
Bg4 9. Be2 e6 10. h3 Bh5 11. Bb2 Be7 12. d3 O-O 13. Nb1 e5 14. Nbd2 b5 15. Nh2
Bxe2 16. Qxe2 Ne8 17. Ng4 Bg5 18. Nf3 h5 19. Nxg5 Qxg5 20. Ne3 Nc7 21. Nf5 Rad8
22. Bc1 Qg6 23. Be3 Nd4 24. Bxd4 cxd4 25. Ne7+ Kh7 26. Nxg6 fxg6 27. Rf1 Ne6 28.
g3 Rd7 29. b4 Rc7 30. a4 Rfc8 31. Rfc1 Rf7 32. axb5 axb5 33. Ra6 Rd7 34. Rca1
Rc3 35. Ra7 Rd8 36. R1a2 Ng5 37. Kg2 Rf8 38. Rb7 h4 39. gxh4 Ne6 40. Qg4 Nf4+
41. Kh2 Nh5 42. Kg1 Rf4 43. Qd7 Rxh4 44. Rxb5 Nf6 45. Qe6 Nh5 46. Rb7 Rc6 47.
Rb8 Nf4 48. Qg8+ Kh6 49. Qh8+ Kg5 50. Qxg7 Nxh3+ 51. Kf1 Nf4 52. Qe7+ Kg4 53.
f3+ Kg3 54. Qg5+ Kh3 55. b5 Rc5 56. Rb2 Rc3 57. b6 Ra3 58. Kf2 Ra1 59. Qg3# 1-0

[Event "Online Olym Div3 A 2021"]
[Site "chess.com INT"]
[Date "2021.08.28"]
[Round "4.4"]
[Board "3"]
[White "Atikankhotchasee, Manunthon"]
[Black "Lyons, Kieran"]
[Result "1-0"]
[WhiteTitle "WFM"]
[BlackTitle "WFM"]
[WhiteElo "1548"]
[BlackElo "1767"]
[WhiteTeam "Thailand"]
[BlackTeam "Fiji"]
[WhiteFideId "6203191"]
[BlackFideId "11400102"]
[EventDate "2021.08.27"]
[EventType "team"]

1. d4 d5 2. c4 c6 3. Nc3 e6 4. Bf4 f5 5. e3 Nf6 6. h3 Bd6 7. Bxd6 Qxd6 8. Nf3
Nbd7 9. Qc2 Ne4 10. Rc1 O-O 11. Be2 Ndf6 12. Ne5 g5 13. Nxe4 Nxe4 14. Bd3 Qe7
15. a3 Bd7 16. Qe2 Be8 17. Bxe4 fxe4 18. h4 h6 19. Qg4 Qf6 20. Rc2 Qf5 21. hxg5
Qxg4 22. Nxg4 hxg5 23. Rh6 Kg7 24. Rxe6 Bd7 25. Re7+ Rf7 26. Rxf7+ Kxf7 27. Ne5+
Ke6 28. Ke2 Rh8 29. Rc1 Bc8 30. cxd5+ Kxd5 31. b4 a6 32. Rc5+ Ke6 33. Ng4 Rg8
34. Re5+ Kf7 35. Rxe4 1-0

[Event "Online Olym Div3 A 2021"]
[Site "chess.com INT"]
[Date "2021.08.28"]
[Round "4.4"]
[Board "4"]
[White "Sewak, Aarti"]
[Black "Promsirinimit, Pornouma"]
[Result "0-1"]
[WhiteElo "1412"]
[BlackElo "1559"]
[WhiteTeam "Fiji"]
[BlackTeam "Thailand"]
[WhiteFideId "11400722"]
[BlackFideId "6204171"]
[EventDate "2021.08.27"]
[EventType "team"]

1. Nf3 d5 2. d4 e6 3. c3 Nf6 4. h3 Bd6 5. Bg5 h6 6. Bh4 Nbd7 7. Nbd2 O-O 8. g4
c5 9. e3 cxd4 10. exd4 e5 11. g5 hxg5 12. Bxg5 Re8 13. Be2 e4 14. Nh4 e3 15.
Bxe3 Rxe3 16. fxe3 Bg3+ 17. Kf1 Bxh4 18. Nf3 Ne4 19. Rg1 Qf6 20. Bd3 Nb6 21. Kg2
Nc4 22. Qe2 Qe6 23. Rh1 Qg6+ 0-1

[Event "Online Olym Div3 A 2021"]
[Site "chess.com INT"]
[Date "2021.08.28"]
[Round "4.4"]
[Board "5"]
[White "Laohawirapap, Prin"]
[Black "Prasad, Rudr"]
[Result "1-0"]
[WhiteTitle "CM"]
[WhiteElo "2125"]
[BlackElo "1566"]
[WhiteTeam "Thailand"]
[BlackTeam "Fiji"]
[WhiteFideId "6205003"]
[BlackFideId "11401095"]
[EventDate "2021.08.27"]
[EventType "team"]

1. e4 c6 2. d4 d5 3. exd5 cxd5 4. Bd3 Nc6 5. c3 Nf6 6. Bf4 Qb6 7. Qb3 Qxb3 8.
axb3 Bd7 9. b4 Nh5 10. Be3 e6 11. b5 Ne7 12. Nd2 Ng6 13. Ne2 Bd6 14. g3 e5 15.
f3 f5 16. dxe5 Nxe5 17. Bc2 O-O 18. Nd4 g6 19. O-O Rfe8 20. Bb3 Nf6 21. Bg5 Kg7
22. Bxf6+ Kxf6 23. Bxd5 Bc5 24. Nb3 Bb6 25. c4 Rac8 26. Rac1 Nd3 27. Rc3 Nxb2
28. Kh1 Na4 29. Rd3 Nc5 30. Nxc5 Bxc5 31. Bxb7 Rc7 32. Bd5 Re5 33. f4 Re8 34.
Nf3 Be6 35. Re1 Ree7 36. Bxe6 Rxe6 37. Rxe6+ Kxe6 38. Ne5 Bd6 39. Nc6 a6 40.
Nd4+ Ke7 41. Nc6+ Ke6 42. Re3+ Kf6 43. Nd8 Re7 44. Rxe7 Bxe7 45. bxa6 Bc5 46.
Nc6 Ke6 47. a7 Bxa7 48. Nxa7 Kd6 49. Nb5+ Kc5 50. Na3 Kb4 51. Kg2 1-0

[Event "Online Olym Div3 A 2021"]
[Site "chess.com INT"]
[Date "2021.08.28"]
[Round "4.4"]
[Board "6"]
[White "Prasad, Tanvi"]
[Black "Chuemsakul, Sarocha"]
[Result "1/2-1/2"]
[BlackTitle "WFM"]
[WhiteElo "1165"]
[BlackElo "1686"]
[WhiteTeam "Fiji"]
[BlackTeam "Thailand"]
[WhiteFideId "11401117"]
[BlackFideId "6203710"]
[EventDate "2021.08.27"]
[EventType "team"]

1. d4 Nf6 2. c4 e6 3. Nc3 Bb4 4. Bd2 b6 5. a3 Bxc3 6. Bxc3 Bb7 7. e3 O-O 8. Nf3
Ne4 9. Be2 d6 10. Qd3 f5 11. O-O Nd7 12. Nd2 Qg5 13. f3 Nxc3 14. Qxc3 e5 15. d5
f4 16. Ne4 Qh6 17. exf4 exf4 18. Rfe1 Ne5 19. b3 Rf5 20. g4 fxg3 21. hxg3 Qg6
22. Kf2 Raf8 23. f4 Bc8 24. Ke3 Ng4+ 25. Bxg4 Qxg4 26. Rg1 Re8 27. Kd3 Qf3+ 28.
Kd2 Qg4 29. Rae1 Rf7 30. Nf2 Qd7 31. Rxe8+ Qxe8 32. Re1 Re7 33. Rxe7 Qxe7 34.
Qe3 Qxe3+ 35. Kxe3 h5 36. Kf3 Bf5 37. Ke3 Kf7 38. Kd4 Ke7 39. b4 Kd7 40. c5
bxc5+ 41. bxc5 c6 42. Nd1 cxd5 43. Kxd5 Be6+ 44. Kd4 dxc5+ 45. Kxc5 Kc7 46. Nc3
a6 1/2-1/2

[Event "Online Olym Div3 A 2021"]
[Site "chess.com INT"]
[Date "2021.08.28"]
[Round "4.5"]
[Board "1"]
[White "Lee, Jun Hyeok"]
[Black "Song, Raymond"]
[Result "1-0"]
[WhiteTitle "IM"]
[BlackTitle "IM"]
[WhiteElo "2404"]
[BlackElo "2485"]
[WhiteTeam "South Korea"]
[BlackTeam "Chinese Taipei"]
[WhiteFideId "13202340"]
[BlackFideId "3203824"]
[EventDate "2021.08.27"]
[EventType "team"]

1. e4 c6 2. d4 d5 3. f3 dxe4 4. fxe4 e5 5. Nf3 Bg4 6. c3 Nf6 7. Bc4 Nbd7 8. O-O
Bd6 9. Bg5 Qb6 10. Nbd2 Qxb2 11. Bxf7+ Kxf7 12. Nc4 Qxc3 13. Nxd6+ Ke7 14. Rc1
Qb4 15. Nc4 Rhd8 16. a3 Qb5 17. a4 Qa6 18. Qb3 Bxf3 19. Rxf3 h6 20. Bh4 g5 21.
dxe5 Nxe4 22. Ne3 Nxe5 23. Qb4+ Nd6 24. Nf5+ Ke6 25. Ng7+ Kd7 26. Re3 Nd3 27.
Qg4+ Kc7 28. Ne6+ Kb8 29. Nxd8 Nxc1 30. Bg3 c5 31. Qd7 Ne2+ 32. Rxe2 Qxe2 33.
Bxd6# 1-0

[Event "Online Olym Div3 A 2021"]
[Site "chess.com INT"]
[Date "2021.08.28"]
[Round "4.5"]
[Board "2"]
[White "Liu, Yeh Yang"]
[Black "Ahn, Hongjin"]
[Result "1-0"]
[BlackTitle "IM"]
[WhiteElo "1994"]
[BlackElo "2298"]
[WhiteTeam "Chinese Taipei"]
[BlackTeam "South Korea"]
[WhiteFideId "16300416"]
[BlackFideId "13201492"]
[EventDate "2021.08.27"]
[EventType "team"]

1. e4 d5 2. exd5 Qxd5 3. d4 Nc6 4. Nf3 Bg4 5. Be2 O-O-O 6. c3 e5 7. Be3 f5 8.
dxe5 Qxd1+ 9. Bxd1 Nxe5 10. O-O Nxf3+ 11. gxf3 Bh5 12. Nd2 Nf6 13. Bc2 g6 14.
Rfe1 Bd6 15. Bg5 Rhf8 16. Re6 Nd5 17. Bxd8 Kxd8 18. Rd1 Nf4 19. Re3 Kc8 20. Nb3
b6 21. a4 Kb7 22. a5 Rf6 23. Nd4 bxa5 24. Ba4 Kb6 25. Re8 c5 26. Nb5 Bf8 27.
Rb8+ Kc6 28. Nxa7+ Kc7 29. Rc8+ Kb7 30. Rd7+ Kb6 31. Rb8+ Ka6 32. Bb5# 1-0

[Event "Online Olym Div3 A 2021"]
[Site "chess.com INT"]
[Date "2021.08.28"]
[Round "4.5"]
[Board "3"]
[White "Eynula, Roza"]
[Black "Chen, Chi"]
[Result "1-0"]
[WhiteTitle "WFM"]
[WhiteElo "2069"]
[BlackElo "1588"]
[WhiteTeam "South Korea"]
[BlackTeam "Chinese Taipei"]
[WhiteFideId "2019531"]
[BlackFideId "16301633"]
[EventDate "2021.08.27"]
[EventType "team"]

1. d4 e6 2. c4 Nf6 3. Nc3 Bb4 4. Qc2 O-O 5. Nf3 b6 6. e3 Bb7 7. Be2 d6 8. O-O
Bxc3 9. Qxc3 Nbd7 10. b4 Ne4 11. Qc2 f5 12. Bb2 Rf6 13. d5 e5 14. Bd3 Rh6 15.
Bxe4 fxe4 16. Qxe4 Nf6 17. Qc2 Qe8 18. Rfd1 Qh5 19. e4 Bc8 20. Bc1 Rg6 21. Ne1
Bd7 22. f3 Rf8 23. Qe2 Bh3 24. Kh1 Bd7 25. Nd3 Qh4 26. Qf2 Qh5 27. Qe2 Qh4 28.
Rg1 Nh5 29. g4 Nf4 30. Nxf4 exf4 31. Bb2 Rh6 32. Rg2 Rf7 33. Rc1 Qh3 34. Kg1 Qh4
35. c5 dxc5 36. bxc5 Qe7 37. c6 Bc8 38. Qc4 a5 39. Qc3 Ba6 40. Ba3 Qh4 41. Qe5
Qd8 42. Rd2 Qh4 43. Qe8+ Rf8 44. Qxf8# 1-0

[Event "Online Olym Div3 A 2021"]
[Site "chess.com INT"]
[Date "2021.08.28"]
[Round "4.5"]
[Board "4"]
[White "Shih, Ching-An"]
[Black "Kim, Taegyeong"]
[Result "1/2-1/2"]
[WhiteTitle "WFM"]
[BlackTitle "WCM"]
[WhiteElo "1582"]
[BlackElo "1523"]
[WhiteTeam "Chinese Taipei"]
[BlackTeam "South Korea"]
[WhiteFideId "16300653"]
[BlackFideId "13200976"]
[EventDate "2021.08.27"]
[EventType "team"]

1. Nf3 Nf6 2. g3 Nc6 3. Bg2 g6 4. d4 d5 5. c3 Bg7 6. O-O O-O 7. Nbd2 Re8 8. Re1
e5 9. dxe5 Nxe5 10. Nxe5 Rxe5 11. Nf3 Re8 12. Bf4 c6 13. Nd4 Qb6 14. Qb3 Qxb3
15. axb3 Bg4 16. f3 Bd7 17. b4 Nh5 18. Nb3 Nxf4 19. gxf4 Bf8 20. Nc5 Bxc5+ 21.
bxc5 a6 22. e4 dxe4 23. fxe4 Be6 24. Ra4 Rad8 25. Rb4 Re7 26. Kf2 Red7 27. Bf3
f6 28. h4 Rd2+ 29. Re2 R2d7 30. Kg3 Kg7 31. Kf2 Kg8 1/2-1/2

[Event "Online Olym Div3 A 2021"]
[Site "chess.com INT"]
[Date "2021.08.28"]
[Round "4.5"]
[Board "5"]
[White "Noh, Jinwoo"]
[Black "Bai, Adelard"]
[Result "0-1"]
[BlackTitle "FM"]
[WhiteElo "1489"]
[BlackElo "2399"]
[WhiteTeam "South Korea"]
[BlackTeam "Chinese Taipei"]
[WhiteFideId "13211307"]
[BlackFideId "16301188"]
[EventDate "2021.08.27"]
[EventType "team"]

1. c4 e5 2. Nc3 Nc6 3. Nf3 g6 4. e3 Bg7 5. d4 d6 6. Be2 Nge7 7. O-O O-O 8. h3
exd4 9. exd4 Nf5 10. Bg5 Qd7 11. d5 Ncd4 12. Rc1 Nxe2+ 13. Qxe2 a6 14. Rfe1 h6
15. Bf4 g5 16. Bd2 c5 17. b3 Qd8 18. Ne4 Nd4 19. Nxd4 cxd4 20. Bb4 Be5 21. Qh5
Kg7 22. c5 dxc5 23. Bxc5 Re8 24. d6 Bf5 25. Rcd1 Qa5 26. b4 Qxa2 27. Bxd4 Bxd4
28. Rxd4 Rxe4 29. Rdxe4 Bxe4 30. h4 Bg6 31. Qg4 Qd5 32. hxg5 Qxd6 33. gxh6+ Kxh6
34. Qh3+ Kg7 35. Qc3+ Qf6 36. Qc7 Rd8 37. Qxb7 Rd2 38. Qa7 Qd4 39. Qxd4+ Rxd4
40. Ra1 Bd3 41. Ra4 Bb5 42. Ra1 Rxb4 43. g3 Ra4 44. Rc1 a5 45. f3 Ra3 46. Kf2 a4
47. Rc5 Rb3 48. Rc1 a3 49. Ra1 Bc4 50. Ke1 Rxf3 0-1

[Event "Online Olym Div3 A 2021"]
[Site "chess.com INT"]
[Date "2021.08.28"]
[Round "5.1"]
[Board "1"]
[White "Song, Raymond"]
[Black "Thing, Bibek"]
[Result "1-0"]
[WhiteTitle "IM"]
[BlackTitle "CM"]
[WhiteElo "2485"]
[BlackElo "2190"]
[WhiteTeam "Chinese Taipei"]
[BlackTeam "Nepal"]
[WhiteFideId "3203824"]
[BlackFideId "12303135"]
[EventDate "2021.08.27"]
[EventType "team"]

1. d4 d5 2. c4 c6 3. Nf3 Nf6 4. Qb3 g6 5. Nc3 Bg7 6. e3 O-O 7. Be2 dxc4 8. Bxc4
Nbd7 9. O-O Nb6 10. Be2 Be6 11. Qc2 Rc8 12. Rd1 Qc7 13. e4 Rfd8 14. h3 Bc4 15.
Be3 Bxe2 16. Qxe2 Qd7 17. a4 Qe6 18. a5 Nc4 19. Ng5 Nxe3 20. Nxe6 Nxd1 21. Nxd8
Nxc3 22. bxc3 Rxd8 23. a6 b6 24. Qc4 c5 25. dxc5 Rc8 26. c6 Ne8 27. Rd1 Nd6 28.
Qd5 1-0

[Event "Online Olym Div3 A 2021"]
[Site "chess.com INT"]
[Date "2021.08.28"]
[Round "5.1"]
[Board "2"]
[White "Jaiswal, Rupesh"]
[Black "Liu, Yeh Yang"]
[Result "1-0"]
[WhiteTitle "FM"]
[WhiteElo "2102"]
[BlackElo "1994"]
[WhiteTeam "Nepal"]
[BlackTeam "Chinese Taipei"]
[WhiteFideId "12300870"]
[BlackFideId "16300416"]
[EventDate "2021.08.27"]
[EventType "team"]

1. e4 c5 2. Nf3 Nc6 3. Bb5 Nd4 4. Nc3 Nxb5 5. Nxb5 a6 6. Nc3 d6 7. d4 cxd4 8.
Qxd4 e6 9. Bg5 f6 10. Be3 Ne7 11. O-O Nc6 12. Qd2 Be7 13. Rad1 O-O 14. Na4 b5
15. Nb6 Rb8 16. Nxc8 Qxc8 17. Rc1 Rd8 18. c4 Qb7 19. b3 Rbc8 20. Rfd1 Ne5 21.
Nxe5 dxe5 22. Qc2 Rxd1+ 23. Rxd1 bxc4 24. bxc4 Bc5 25. Bxc5 Rxc5 26. Rd8+ Kf7
27. Qa4 Qc6 28. Qa3 Qxe4 29. h3 Qxc4 30. Rd7+ Ke8 31. Rxg7 Qc1+ 32. Qxc1 Rxc1+
33. Kh2 Rc2 34. f3 h5 35. a3 Ra2 36. Rh7 Rxa3 37. Rxh5 a5 38. Rh7 f5 39. Kg1 Ra2
40. Rb7 a4 41. h4 a3 42. h5 Ra1+ 43. Kf2 a2 44. Ra7 Kf8 45. h6 Kg8 46. Kg3 e4
47. Kf4 e3 48. Kg5 e2 49. h7+ Kh8 50. Kg6 1-0

[Event "Online Olym Div3 A 2021"]
[Site "chess.com INT"]
[Date "2021.08.28"]
[Round "5.1"]
[Board "3"]
[White "Chen, Chi"]
[Black "Lohani, Sujana"]
[Result "0-1"]
[BlackTitle "WFM"]
[WhiteElo "1588"]
[BlackElo "1675"]
[WhiteTeam "Chinese Taipei"]
[BlackTeam "Nepal"]
[WhiteFideId "16301633"]
[BlackFideId "12311987"]
[EventDate "2021.08.27"]
[EventType "team"]

1. d4 d6 2. Nf3 g6 3. c4 Bg7 4. Nc3 Nf6 5. e4 O-O 6. h3 e5 7. d5 a5 8. Be3 Na6
9. Be2 b6 10. O-O Nd7 11. Qd2 f5 12. exf5 gxf5 13. Bh6 f4 14. Bxg7 Kxg7 15. Bd3
Qe7 16. Ne4 Nf6 17. Nxf6 Qxf6 18. a3 Rg8 19. Kh2 Nc5 20. Bc2 a4 21. g3 Qh6 22.
h4 Qh5 23. Ng5 h6 24. Bd1 Qg6 25. Bc2 Qe8 26. Nf3 Bg4 27. Ne1 f3 28. Qe3 e4 29.
Bd1 Qe5 30. Rb1 Rae8 31. Nc2 Nb3 32. Ne1 Qd4 33. Qxd4+ Nxd4 34. Bxa4 Ra8 35. Bd1
Bf5 36. Nc2 Nb3 37. Ne3 Nd2 38. Nxf5+ Kf6 39. Nxh6 Rg6 40. Bxf3 exf3 41. Rfd1
Nxb1 42. Ng4+ Rxg4 43. Rxb1 Rxc4 44. Re1 Rc2 45. Re6+ Kf7 46. Kh3 Rxf2 47. g4
Rxb2 48. g5 Rxa3 49. Kg4 f2 50. Rf6+ Kg7 51. Rf4 b5 52. h5 Ra4 53. h6+ Kg6 54.
h7 Kxh7 55. g6+ Kxg6 0-1

[Event "Online Olym Div3 A 2021"]
[Site "chess.com INT"]
[Date "2021.08.28"]
[Round "5.1"]
[Board "4"]
[White "Joshi, Sindira"]
[Black "Shih, Ching-An"]
[Result "1-0"]
[BlackTitle "WFM"]
[WhiteElo "1506"]
[BlackElo "1582"]
[WhiteTeam "Nepal"]
[BlackTeam "Chinese Taipei"]
[WhiteFideId "12312754"]
[BlackFideId "16300653"]
[EventDate "2021.08.27"]
[EventType "team"]

1. e4 e5 2. Nf3 Nc6 3. d4 exd4 4. Bc4 Be7 5. c3 d6 6. cxd4 Nf6 7. Nc3 O-O 8. h3
a6 9. Bb3 Na5 10. Bc2 Nc6 11. O-O Re8 12. Re1 Bf8 13. Bg5 h6 14. Bh4 Be7 15. e5
dxe5 16. dxe5 Qxd1 17. Raxd1 Nh5 18. Bxe7 Nxe7 19. Rd4 g6 20. Bb3 Ng7 21. Ne4
Nc6 22. Nf6+ Kf8 23. Rh4 Nf5 24. Rhe4 Rd8 25. Nd5 Rd7 26. e6 fxe6 27. Rxe6 Nce7
28. Nxe7 Nxe7 29. Rf6+ Ke8 30. Rxg6 Rd6 31. Rg8+ Kd7 32. Ne5# 1-0

[Event "Online Olym Div3 A 2021"]
[Site "chess.com INT"]
[Date "2021.08.28"]
[Round "5.1"]
[Board "5"]
[White "Bai, Adelard"]
[Black "Paudel, Yubraj"]
[Result "1-0"]
[WhiteTitle "FM"]
[WhiteElo "2399"]
[BlackElo "1837"]
[WhiteTeam "Chinese Taipei"]
[BlackTeam "Nepal"]
[WhiteFideId "16301188"]
[BlackFideId "12312886"]
[EventDate "2021.08.27"]
[EventType "team"]

1. d4 Nf6 2. Nf3 g6 3. Bf4 Bg7 4. e3 d6 5. h3 O-O 6. Nbd2 Nc6 7. Be2 Nh5 8. Bh2
e5 9. O-O f5 10. dxe5 dxe5 11. Nc4 Qe7 12. Ncxe5 Nxe5 13. Nxe5 Rd8 14. Nd3 Bxb2
15. Rb1 Bf6 16. Bxh5 gxh5 17. Qxh5 Kh8 18. Nf4 Rg8 19. Nd5 Qe4 20. Qxh7+ Kxh7
21. Nxf6+ Kh8 22. Nxe4 fxe4 23. Bxc7 Bxh3 24. Be5+ Kh7 25. Rxb7+ Kh6 26. Bf4+
Kg6 27. gxh3 Kf6+ 28. Kh2 Rac8 29. Rd1 Rc6 30. Rxa7 Rh8 31. Ra5 Ke6 32. Re5+ Kf7
33. Rd7+ Kg6 34. Rg5+ Kf6 35. Rdg7 Rxc2 36. Kg3 Re8 37. Kg4 Ke6 38. R5g6+ Kd5
39. Rd7+ Kc5 40. Rc7+ Kb5 41. Rxc2 Re6 42. Rxe6 1-0

[Event "Online Olym Div3 A 2021"]
[Site "chess.com INT"]
[Date "2021.08.28"]
[Round "5.2"]
[Board "1"]
[White "Kumar, Manoj"]
[Black "Lee, Jun Hyeok"]
[Result "0-1"]
[WhiteTitle "CM"]
[BlackTitle "IM"]
[WhiteElo "1928"]
[BlackElo "2404"]
[WhiteTeam "Fiji"]
[BlackTeam "South Korea"]
[WhiteFideId "11400064"]
[BlackFideId "13202340"]
[EventDate "2021.08.27"]
[EventType "team"]

1. d4 Nf6 2. Bf4 g6 3. Nc3 d5 4. Nf3 c6 5. h3 Bg7 6. e3 Qb6 7. Rb1 Bf5 8. Bd3
Bxd3 9. cxd3 Nbd7 10. O-O O-O 11. b4 Rfe8 12. Bh2 Nh5 13. g4 Nhf6 14. Qb3 h5 15.
g5 Nh7 16. Na4 Qd8 17. Nc5 b6 18. Nxd7 Qxd7 19. Kg2 Qf5 20. h4 f6 21. e4 Qg4+
22. Bg3 fxg5 23. exd5 cxd5 24. Qxd5+ e6 25. Qe4 Qxe4 26. dxe4 gxh4 27. Bxh4 Rac8
28. Rbc1 Bh6 29. Rxc8 Rxc8 30. Ne5 g5 31. Bg3 Nf6 32. f3 Bf8 33. b5 Rc3 34. Nc6
Ra3 35. Rf2 h4 36. Bb8 g4 37. Bxa7 h3+ 38. Kh2 g3+ 39. Kxg3 Nxe4+ 40. Kxh3 Nxf2+
41. Kg3 Nd3 42. Bxb6 Rxa2 43. Bd8 Bd6+ 44. Kg4 Rg2+ 45. Kh3 Nf4+ 46. Kh4 Rc2 47.
Kg4 Kf7 48. Bg5 Rg2+ 0-1

[Event "Online Olym Div3 A 2021"]
[Site "chess.com INT"]
[Date "2021.08.28"]
[Round "5.2"]
[Board "2"]
[White "Ahn, Hongjin"]
[Black "Sikivou, Taione"]
[Result "1-0"]
[WhiteTitle "IM"]
[BlackTitle "CM"]
[WhiteElo "2298"]
[BlackElo "1834"]
[WhiteTeam "South Korea"]
[BlackTeam "Fiji"]
[WhiteFideId "13201492"]
[BlackFideId "11400153"]
[EventDate "2021.08.27"]
[EventType "team"]

1. e4 c6 2. d4 d5 3. e5 c5 4. dxc5 e6 5. a3 Bxc5 6. Nf3 Nd7 7. Bd3 Ne7 8. b4 Bb6
9. h4 a5 10. Bb2 axb4 11. axb4 Rxa1 12. Bxa1 O-O 13. Ng5 h6 14. Bh7+ Kh8 15. Qd3
Nc6 16. Bg8 g6 17. Bxf7 Ndxe5 18. Qxg6 1-0